Normal view
MARC view
Entry Personal Name
001 - CONTROL NUMBER
- control field: 82457
003 - CONTROL NUMBER IDENTIFIER
- control field: dpl
005 - DATE AND TIME OF LATEST TRANSACTION
- control field: 20250701165341.0
008 - FIXED-LENGTH DATA ELEMENTS
- fixed length control field: 250701|| aca||aabn | a|a d
040 ## - CATALOGING SOURCE
- Original cataloging agency: dpl
- Transcribing agency: dpl
100 ## - HEADING--PERSONAL NAME
- Personal name: Nasirudheen T
670 ## - SOURCE DATA FOUND
- Source citation: Work cat.: (dpl)209596: Nasirudheen T., Conspectus of Library & Information Science Competitive Examinations/, 2024
